000 00568nam a22001817a 4500
999 _c6368
_d6368
003 AR-CdUCM
008 190315b ||||| |||| 00| 0 spa d
040 _aMUNICIPALIDAD PROVINCIAL DEL CUSCO
_cBIBLIOTECA MUNICIPAL DEL CUSCO
082 _a868.6 /
_bC48
100 _aCernuda, Luis
_918157
245 _aComo quien espera el alba [1941-1944] :
_bla realidad y el deseo VIII /
260 _aBuenos Aires :
_bLosada.
_c1947
300 _a110 páginas ;
_c21 cm.
650 _aPoesías españolas
_92005
650 _aSiglo XX.
_98
942 _2ddc
_cLIBROS
945 _aafb